[Event "Mecklenburg VP LL2 West 2223"]
[Site "Mecklenburg VP"]
[Date "2023.01.15"]
[Round "5.2"]
[White "Schiewer, Robert"]
[Black "Ruesch, Hans Joachim"]
[Result "0-1"]
[WhiteElo "1913"]
[BlackElo "2056"]
[PlyCount "78"]
[EventDate "2022.10.23"]
[EventType "team-tourn"]
[EventRounds "9"]
[EventCountry "GER"]
[SourceTitle "EXT 2024"]
[Source "ChessBase"]
[SourceDate "2023.10.10"]
[SourceVersion "1"]
[SourceVersionDate "2023.10.10"]
[SourceQuality "1"]
[WhiteTeam "Schwerin SF III"]
[BlackTeam "Rostock Uni"]
[WhiteTeamCountry "GER"]
[BlackTeamCountry "GER"]

1. e4 g6 2. d4 Bg7 3. Nf3 d6 4. Bd3 Nf6 5. 0-0 0-0 6. Bg5 h6 7. Bd2 Nc6 8. d5 Nb8 9. Qc1 Kh7 10. h3 Nbd7 11. Bc3 Nc5 12. Qe3 Nxd3 13. cxd3 e5 14. d4 exd4 15. Nxd4 Re8 16. Qf3 Nxe4 17. Qxf7 Nxc3 18. Nxc3 Rf8 19. Ne6 Rxf7 20. Nxd8 Rf8 21. Ne6 Bxe6 22. dxe6 Bxc3 23. bxc3 Rae8 24. Rab1 b6 25. f3 Rxe6 26. Kf2 Kg7 27. Rfd1 Rfe8 28. Rb2 Kf6 29. Rd4 Re5 30. g4 g5 31. c4 Re1 32. Rd5 Rh1 33. Kg2 Ree1 34. Rb3 Reg1+ 35. Kf2 Ra1 36. Rf5+ Kg7 37. c5 Rxa2+ 38. Ke3 dxc5 39. Rd3 Re1# 0-1

[Event "Mecklenburg VP LL2 West 2122"]
[Site "Mecklenburg VP"]
[Date "2022.05.15"]
[Round "4.1"]
[White "Lassan, Christian"]
[Black "Schiewer, Robert"]
[Result "1-0"]
[WhiteElo "2136"]
[BlackElo "1913"]
[PlyCount "91"]
[EventDate "2021.10.24"]
[EventType "team-tourn"]
[EventRounds "9"]
[EventCountry "GER"]
[SourceTitle "EXT 2024"]
[Source "ChessBase"]
[SourceDate "2023.10.10"]
[SourceVersion "1"]
[SourceVersionDate "2023.10.10"]
[SourceQuality "1"]
[WhiteTeam "Waren Malchow"]
[BlackTeam "Schwerin SF III"]
[WhiteTeamCountry "GER"]
[BlackTeamCountry "GER"]

1. e4 c5 2. Nf3 Nc6 3. Bb5 d6 4. 0-0 Nf6 5. Re1 a6 6. Bxc6+ bxc6 7. e5 Nd5 8. d3 Bg4 9. c4 Nb6 10. exd6 Qxd6 11. Nc3 e6 12. Ne4 Qc7 13. h3 Bh5 14. b3 Be7 15. Bb2 0-0 16. Ng3 Bg6 17. Qe2 Rad8 18. Rad1 Nd7 19. Ne4 Qf4 20. Bc1 Qc7 21. Bb2 Qf4 22. Bc3 Bh5 23. Qe3 Qc7 24. Ng3 Bg6 25. h4 h6 26. h5 Bh7 27. Ne4 Bf5 28. Qd2 Qb8 29. Ba5 Rc8 30. Ng3 Bh7 31. d4 Nf6 32. Ne5 Bd6 33. Qe2 Qb7 34. Qf3 Rfe8 35. Bc3 Qc7 36. dxc5 Bxc5 37. Rd7 Qxd7 38. Nxd7 Nxd7 39. Ne4 Bf8 40. Rd1 Nc5 41. Nxc5 Bxc5 42. Rd7 Re7 43. Qg4 f5 44. Qd1 Rce8 45. b4 Bb6 46. Qd6 1-0

[Event "Mecklenburg VP LL2 West 2122"]
[Site "Mecklenburg VP"]
[Date "2022.04.03"]
[Round "8.3"]
[White "Schamber, Dennis"]
[Black "Schiewer, Robert"]
[Result "1-0"]
[WhiteElo "1714"]
[BlackElo "1913"]
[PlyCount "183"]
[EventDate "2021.10.24"]
[EventType "team-tourn"]
[EventRounds "9"]
[EventCountry "GER"]
[SourceTitle "EXT 2024"]
[Source "ChessBase"]
[SourceDate "2023.10.10"]
[SourceVersion "1"]
[SourceVersionDate "2023.10.10"]
[SourceQuality "1"]
[WhiteTeam "Rostock Makkabi"]
[BlackTeam "Schwerin SF III"]
[WhiteTeamCountry "GER"]
[BlackTeamCountry "GER"]

1. d4 d5 2. c4 c6 3. Nc3 Nf6 4. Nf3 e6 5. Bf4 Bd6 6. Ne5 Nh5 7. e3 Nxf4 8. exf4 Nd7 9. c5 Bc7 10. Bd3 Qf6 11. g3 b6 12. b4 Bb7 13. 0-0 Qe7 14. Re1 Bxe5 15. fxe5 0-0 16. Qh5 g6 17. Qg4 a5 18. a3 Ra7 19. cxb6 Nxb6 20. bxa5 Rxa5 21. Rab1 Rxa3 22. Rxb6 Rxc3 23. Reb1 Bc8 24. Be2 c5 25. h4 h5 26. Qf4 cxd4 27. Qxd4 Qc5 28. Qf4 Qe7 29. Qd4 Rc7 30. Kg2 f5 31. exf6 Qxf6 32. Qxf6 Rxf6 33. g4 hxg4 34. Bxg4 Rc2 35. Bf3 Kg7 36. R1b2 Rc3 37. Bg4 Rc4 38. f3 Rc7 39. Re2 Kf7 40. Re5 Rc5 41. h5 gxh5 42. Bxh5+ Ke7 43. Rg5 Rh6 44. Kg3 Rh7 45. Bg4 Kf6 46. Rf5+ Ke7 47. Re5 Rh6 48. Kf4 Rf6+ 49. Kg3 Bd7 50. Rh5 Bc6 51. Rh7+ Kd6 52. Rh8 Kc7 53. Rbb8 Bd7 54. Ra8 Rf7 55. Rh6 Re7 56. Ra7+ Kd6 57. Ra6+ Rc6 58. Ra3 d4 59. Rd3 Kd5 60. Rh1 Kc4 61. Rhd1 e5 62. Bxd7 Rxd7 63. Kf2 Rh6 64. Ra3 Rh2+ 65. Kg3 Re2 66. Rc1+ Kb4 67. Ra8 Kb3 68. Rb8+ Ka2 69. Rc5 Rb2 70. Ra8+ Kb1 71. Rac8 Ra7 72. Rxe5 d3 73. Re1+ Ka2 74. Rd1 Rd7 75. Ra8+ Kb3 76. Rc8 d2 77. Kf2 Rc2 78. Rb8+ Kc3 79. Ke2 Re7+ 80. Kf2 Rd7 81. Ke2 Ra2 82. Rc8+ Kb3 83. Rb1+ Rb2 84. Rb8+ Kc3 85. R8xb2 d1Q+ 86. Rxd1 Re7+ 87. Kf2 Kxb2 88. f4 Kc2 89. Rd6 Kc3 90. Kf3 Kc4 91. f5 Kc5 92. Rd1 1-0

[Event "Mecklenburg VP LL2 West 1617"]
[Site "Mecklenburg VP"]
[Date "2016.11.20"]
[Round "3.7"]
[White "Merz, Norbert"]
[Black "Schiewer, Robert"]
[Result "0-1"]
[WhiteElo "1626"]
[BlackElo "1842"]
[PlyCount "128"]
[EventDate "2016.10.16"]
[EventType "team-tourn"]
[EventRounds "9"]
[EventCountry "GER"]
[SourceTitle "EXT 2022"]
[Source "ChessBase"]
[SourceDate "2021.10.06"]
[SourceVersion "1"]
[SourceVersionDate "2021.10.06"]
[SourceQuality "1"]
[WhiteTeam "Schwerin SV Einheit"]
[BlackTeam "Schwerin SF III"]
[WhiteTeamCountry "GER"]
[BlackTeamCountry "GER"]

1. e4 c5 2. Nc3 Nc6 3. f4 g6 4. Nf3 Bg7 5. d3 d6 6. h3 e6 7. Be3 Qb6 8. Qc1 Nge7 9. Be2 Nd4 10. Bxd4 cxd4 11. Nd1 Bd7 12. 0-0 Rc8 13. Kh1 Qc7 14. Ne1 Ba4 15. b3 Bc6 16. Rb1 0-0 17. Nf2 f5 18. Qd2 e5 19. fxe5 dxe5 20. Nf3 Bd7 21. Rfc1 Rf6 22. a4 Rc6 23. Bd1 Qd6 24. Ng1 Qf6 25. Nf3 Rc3 26. Ng1 Qh4 27. Qe2 Qf4 28. Qf1 Qe3 29. Ne2 R3c7 30. Ng1 Bh6 31. Nf3 Bf4 32. c4 dxc3 33. Bc2 Qc5 34. b4 Qd6 35. Rd1 Nc6 36. d4 exd4 37. b5 Ne7 38. Nxd4 Bd2 39. Nf3 Qf6 40. e5 Qb6 41. Nxd2 cxd2 42. Bb3+ Kg7 43. Rxd2 Be8 44. Rbd1 Rc3 45. Rd6 Qe3 46. Be6 R8c7 47. Ng4 Qg5 48. Nf6 Bf7 49. Bxf7 Kxf7 50. Nxh7 Qg3 51. Re1 Rc2 52. Rd3 Qh4 53. Nf6 Rf2 54. Qg1 Rcc2 55. Rde3 f4 56. Re4 Qg3 57. Rxf4 Qxf4 58. Ng4 Nf5 59. e6+ Kg8 60. Nf6+ Kf8 61. Nd7+ Ke7 62. Ne5 Ng3+ 63. Kh2 Ne4+ 64. Kh1 Qxe5 0-1

[Event "Mecklenburg VP LL2 West 1415"]
[Site "Mecklenburg VP"]
[Date "2015.04.12"]
[Round "8.5"]
[White "Hilpert, Andreas"]
[Black "Schiewer, Robert"]
[Result "0-1"]
[WhiteElo "1835"]
[BlackElo "1840"]
[PlyCount "82"]
[EventDate "2014.09.21"]
[EventType "team-tourn"]
[EventRounds "9"]
[EventCountry "GER"]
[SourceTitle "EXT 2022"]
[Source "ChessBase"]
[SourceDate "2021.10.06"]
[SourceVersion "1"]
[SourceVersionDate "2021.10.06"]
[SourceQuality "1"]
[WhiteTeam "Ludwigslust VT 2000"]
[BlackTeam "Schwerin SF IV"]
[WhiteTeamCountry "GER"]
[BlackTeamCountry "GER"]

1. e4 c5 2. Nc3 d6 3. g3 Nc6 4. Bg2 g6 5. Nge2 Bg7 6. 0-0 Nf6 7. d3 0-0 8. h3 Nd4 9. g4 h5 10. g5 Ne8 11. f4 f5 12. Be3 Nc7 13. Ng3 Rb8 14. Rf2 Qe8 15. Rb1 Qf7 16. Nd5 Nxd5 17. exd5 Nb5 18. c4 Nd4 19. b4 Bd7 20. bxc5 dxc5 21. Ne2 Rfc8 22. Nxd4 cxd4 23. Bc1 b5 24. Bf1 e6 25. cxb5 Rxb5 26. Rxb5 Bxb5 27. Bb2 exd5 28. Qa1 Rc3 29. Bxc3 dxc3 30. d4 Bxf1 31. Kxf1 Bxd4 32. Rc2 Qc7 33. Qc1 Bg7 34. Qe3 d4 35. Qg3 Qc4+ 36. Kg2 d3 37. Rc1 Qxa2+ 38. Kf3 d2 39. Rd1 Qc4 40. Rb1 c2 41. Rb8+ Kh7 0-1

[Event "Mecklenburg VP LL2 West 1415"]
[Site "Mecklenburg VP"]
[Date "2015.03.29"]
[Round "9.5"]
[White "Schiewer, Robert"]
[Black "Hertel Mach, Frank"]
[Result "1-0"]
[WhiteElo "1840"]
[BlackElo "1806"]
[PlyCount "67"]
[EventDate "2014.09.21"]
[EventType "team-tourn"]
[EventRounds "9"]
[EventCountry "GER"]
[SourceTitle "EXT 2022"]
[Source "ChessBase"]
[SourceDate "2021.10.06"]
[SourceVersion "1"]
[SourceVersionDate "2021.10.06"]
[SourceQuality "1"]
[WhiteTeam "Schwerin SF IV"]
[BlackTeam "Malchow Schachinsel"]
[WhiteTeamCountry "GER"]
[BlackTeamCountry "GER"]

1. e4 e5 2. Nf3 d6 3. d4 exd4 4. Nxd4 Nf6 5. Nc3 Be7 6. Be2 0-0 7. 0-0 Nbd7 8. Re1 Re8 9. Bf4 Nf8 10. Bg3 c6 11. Qd3 Ng6 12. f4 d5 13. exd5 Nxd5 14. Nxd5 Qxd5 15. Bf3 Qc5 16. Kh1 Rd8 17. Rad1 Bf6 18. c3 Bxd4 19. cxd4 Qa5 20. f5 Bxf5 21. Qb3 Rd7 22. h4 Be6 23. Rxe6 fxe6 24. Qxe6+ Rf7 25. Rf1 Qf5 26. Qc4 Raf8 27. Bd6 Re8 28. d5 Re4 29. Qc1 Rxh4+ 30. Kg1 cxd5 31. Bxd5 Nf4 32. Bxf7+ Kxf7 33. Rxf4 Rxf4 34. Qxf4 1-0

[Event "Mecklenburg VP LL2 West 1415"]
[Site "Mecklenburg VP"]
[Date "2014.09.21"]
[Round "1.5"]
[White "Remus, Uwe"]
[Black "Schiewer, Robert"]
[Result "0-1"]
[WhiteElo "1426"]
[BlackElo "1840"]
[PlyCount "80"]
[EventDate "2014.09.21"]
[EventType "team-tourn"]
[EventRounds "9"]
[EventCountry "GER"]
[SourceTitle "EXT 2022"]
[Source "ChessBase"]
[SourceDate "2021.10.06"]
[SourceVersion "1"]
[SourceVersionDate "2021.10.06"]
[SourceQuality "1"]
[WhiteTeam "Neukloster VfL Blau Weiss"]
[BlackTeam "Schwerin SF IV"]
[WhiteTeamCountry "GER"]
[BlackTeamCountry "GER"]

1. e4 c5 2. Nf3 Nc6 3. Bb5 Nf6 4. Bxc6 bxc6 5. d3 d6 6. h3 e5 7. Bg5 Be7 8. Bxf6 Bxf6 9. c4 0-0 10. b3 g6 11. Nbd2 Bg7 12. Rb1 a5 13. 0-0 f5 14. Qe2 Qe7 15. a4 Be6 16. Kh1 Rab8 17. Qd1 Rb7 18. Qc2 g5 19. exf5 Bxf5 20. g4 Bg6 21. Kg2 Rf4 22. Rfe1 Qf6 23. Re3 Rf7 24. Qd1 Qe7 25. Qe2 h5 26. Kg3 Bh6 27. Rh1 Qe6 28. Nh2 h4+ 29. Kg2 Rxf2+ 30. Qxf2 Rxf2+ 31. Kxf2 Bg7 32. Ke2 d5 33. Kd1 e4 34. Rhe1 Qe5 35. Nhf1 Qa1+ 36. Ke2 exd3+ 37. Rxd3 Bxd3+ 38. Kxd3 Qxe1 39. cxd5 cxd5 40. Kc2 Bd4 0-1

[Event "Mecklenburg VP VL 1314"]
[Site "Mecklenburg VP"]
[Date "2014.04.06"]
[Round "8.8"]
[White "Schiewer, Robert"]
[Black "Ernst, Mathias"]
[Result "1/2-1/2"]
[WhiteElo "1897"]
[BlackElo "1609"]
[PlyCount "59"]
[EventDate "2013.10.20"]
[EventType "team-tourn"]
[EventRounds "9"]
[EventCountry "GER"]
[SourceTitle "EXT 2022"]
[Source "ChessBase"]
[SourceDate "2021.10.06"]
[SourceVersion "1"]
[SourceVersionDate "2021.10.06"]
[SourceQuality "1"]
[WhiteTeam "Schwerin SF II"]
[BlackTeam "Rostock HSG Uni"]
[WhiteTeamCountry "GER"]
[BlackTeamCountry "GER"]

1. e4 c5 2. Nf3 Nc6 3. d4 cxd4 4. Nxd4 d6 5. Nc3 Nf6 6. Be2 g6 7. 0-0 Bg7 8. Be3 0-0 9. h3 h6 10. Qd2 Kh7 11. f4 Qa5 12. Nb3 Qd8 13. Rad1 Be6 14. Qe1 Qc8 15. Kh2 Nb4 16. Nd4 Bd7 17. a3 Nc6 18. Qf2 Na5 19. Bc1 Nc6 20. Nf3 Ne8 21. Nd5 e6 22. Ne3 Nf6 23. Bd3 Qc7 24. c3 Rad8 25. g3 Bc8 26. Bc2 a6 27. Rd2 Na5 28. Rfd1 Nc4 29. Nxc4 Qxc4 30. Qe3 1/2-1/2

[Event "Mecklenburg VP VL 1314"]
[Site "Mecklenburg VP"]
[Date "2014.03.16"]
[Round "7.7"]
[White "Kriese, Ralf"]
[Black "Schiewer, Robert"]
[Result "1/2-1/2"]
[WhiteElo "1684"]
[BlackElo "1897"]
[PlyCount "43"]
[EventDate "2013.10.20"]
[EventType "team-tourn"]
[EventRounds "9"]
[EventCountry "GER"]
[SourceTitle "EXT 2022"]
[Source "ChessBase"]
[SourceDate "2021.10.06"]
[SourceVersion "1"]
[SourceVersionDate "2021.10.06"]
[SourceQuality "1"]
[WhiteTeam "Greifswald II"]
[BlackTeam "Schwerin SF II"]
[WhiteTeamCountry "GER"]
[BlackTeamCountry "GER"]

1. e4 c5 2. Nf3 Nc6 3. d4 cxd4 4. Nxd4 e5 5. Nb5 d6 6. N1c3 a6 7. Na3 Nf6 8. Bg5 Be7 9. Bxf6 Bxf6 10. Nc4 Nd4 11. Nd5 b5 12. Ncb6 Rb8 13. Nxc8 Rxc8 14. c3 Ne6 15. Be2 0-0 16. 0-0 Nf4 17. a4 Nxd5 18. Qxd5 Rc5 19. Qd3 Qb6 20. axb5 axb5 21. Rfd1 Be7 22. Qe3 1/2-1/2

[Event "Mecklenburg VP VL 1314"]
[Site "Mecklenburg VP"]
[Date "2013.12.15"]
[Round "4.5"]
[White "Schiewer, Robert"]
[Black "Nauschuetz, Ernst"]
[Result "0-1"]
[WhiteElo "1897"]
[BlackElo "1893"]
[PlyCount "66"]
[EventDate "2013.10.20"]
[EventType "team-tourn"]
[EventRounds "9"]
[EventCountry "GER"]
[SourceTitle "EXT 2022"]
[Source "ChessBase"]
[SourceDate "2021.10.06"]
[SourceVersion "1"]
[SourceVersionDate "2021.10.06"]
[SourceQuality "1"]
[WhiteTeam "Schwerin SF III"]
[BlackTeam "Greifswald II"]
[WhiteTeamCountry "GER"]
[BlackTeamCountry "GER"]

1. c4 c5 2. Nc3 g6 3. g3 Nc6 4. Bg2 Bg7 5. Nf3 e5 6. 0-0 Nge7 7. Ne1 0-0 8. f4 d6 9. Nd5 Rb8 10. d3 b5 11. Rb1 Nxd5 12. cxd5 Ne7 13. e4 a5 14. f5 gxf5 15. Qh5 fxe4 16. dxe4 Ng6 17. Bh6 Qd7 18. Bxg7 Kxg7 19. h3 f5 20. Nf3 h6 21. Nh4 Nxh4 22. Qxh4 Rb7 23. exf5 Rxf5 24. Be4 Rxf1+ 25. Rxf1 Qe7 26. Qh5 Qg5 27. Qf3 Qe7 28. h4 Qe8 29. Qf6+ Kg8 30. Bg6 Qe7 31. Bh7+ Kxh7 32. Qf3 Qg7 33. h5 Kg8 0-1

[Event "Mecklenburg VP VL 1314"]
[Site "Mecklenburg VP"]
[Date "2013.10.27"]
[Round "1.4"]
[White "Wandel, Bernd"]
[Black "Schiewer, Robert"]
[Result "1-0"]
[WhiteElo "2073"]
[BlackElo "1897"]
[PlyCount "77"]
[EventDate "2013.10.20"]
[EventType "team-tourn"]
[EventRounds "9"]
[EventCountry "GER"]
[SourceTitle "EXT 2022"]
[Source "ChessBase"]
[SourceDate "2021.10.06"]
[SourceVersion "1"]
[SourceVersionDate "2021.10.06"]
[SourceQuality "1"]
[WhiteTeam "Schwerin SF II"]
[BlackTeam "Schwerin SF III"]
[WhiteTeamCountry "GER"]
[BlackTeamCountry "GER"]

1. d4 e6 2. c4 f5 3. Nc3 Nf6 4. g3 d5 5. Bg2 c6 6. Nf3 Bd6 7. 0-0 0-0 8. c5 Bc7 9. Bf4 Ne4 10. Qc2 Nd7 11. e3 Re8 12. Rad1 e5 13. Bxe5 Bxe5 14. Nxe5 Nxe5 15. dxe5 Qe7 16. b4 Qxe5 17. Ne2 Bd7 18. Nd4 a5 19. a3 g5 20. Rfe1 Ra7 21. f3 Nf6 22. f4 gxf4 23. gxf4 Qe7 24. Nxf5 Bxf5 25. Qxf5 axb4 26. axb4 Ra2 27. Kh1 Kh8 28. e4 Qg7 29. Bf3 dxe4 30. Rg1 Qh6 31. Rg2 exf3 32. Rxa2 Qh4 33. Rg1 h5 34. Qg6 Rg8 35. Qh6+ Nh7 36. Rxg8+ Kxg8 37. Ra8+ Kf7 38. Qxh7+ Ke6 39. Qe4+ 1-0

[Event "Mecklenburg VP VL 1112"]
[Site "Mecklenburg VP"]
[Date "2012.04.15"]
[Round "9.6"]
[White "Stoevesand, Peter"]
[Black "Schiewer, Robert"]
[Result "0-1"]
[WhiteElo "1735"]
[BlackElo "1909"]
[PlyCount "148"]
[EventDate "2011.10.02"]
[EventType "team-tourn"]
[EventRounds "9"]
[EventCountry "GER"]
[SourceTitle "EXT 2022"]
[Source "ChessBase"]
[SourceDate "2021.10.06"]
[SourceVersion "1"]
[SourceVersionDate "2021.10.06"]
[SourceQuality "1"]
[WhiteTeam "Neubrandenburg SG Eintracht"]
[BlackTeam "Schwerin SF"]
[WhiteTeamCountry "GER"]
[BlackTeamCountry "GER"]

1. e4 c6 2. d4 d5 3. Nc3 dxe4 4. Nxe4 Bf5 5. Ng3 Bg6 6. Nf3 Nf6 7. Bd3 e6 8. 0-0 Bd6 9. Re1 Nbd7 10. c4 Bb4 11. Re2 Qc7 12. c5 Ba5 13. Bc4 0-0 14. Qb3 Rae8 15. Qa3 b5 16. Bxb5 cxb5 17. b4 Bb6 18. Ne5 Nd5 19. cxb6 N7xb6 20. Bd2 Nc4 21. Qb3 Nxd2 22. Rxd2 Rc8 23. Nxg6 hxg6 24. a3 Qf4 25. Rd3 Rc4 26. Rad1 Rfc8 27. Ne2 Qe4 28. R3d2 Nc3 29. Nxc3 Rxc3 30. Qb2 Rc2 31. Rxc2 Rxc2 32. Qb3 Qe2 33. Rf1 Rb2 34. Qg3 Rd2 35. h3 Rd1 36. Rxd1 Qxd1+ 37. Kh2 Qxd4 38. Qb8+ Kh7 39. Qxb5 Qf4+ 40. Kg1 Qc1+ 41. Kh2 Qxa3 42. Qc5 f6 43. Qc4 Qb2 44. f3 Qe5+ 45. Kh1 Qd6 46. Qc5 Qb6 47. Qc4 g5 48. Qg4 Kg8 49. Qc4 Kf7 50. b5 Ke7 51. Qd3 Qc5 52. Qh7 Qc1+ 53. Kh2 Qc7+ 54. Kh1 Kd6 55. Qd3+ Kc5 56. Qc3+ Kb6 57. Qe3+ Kxb5 58. Qxe6 a5 59. Qb3+ Kc6 60. Qe6+ Qd6 61. Qc4+ Qc5 62. Qe6+ Kb5 63. Qb3+ Qb4 64. Qd5+ Ka4 65. Qa2+ Kb5 66. Qd5+ Qc5 67. Qb7+ Kc4 68. Qe4+ Qd4 69. Qc6+ Kb3 70. Qb5+ Qb4 71. Qd3+ Ka2 72. Kh2 Qb8+ 73. Kh1 Qb1+ 74. Qxb1+ Kxb1 0-1

[Event "Mecklenburg VP VL 1112"]
[Site "Mecklenburg VP"]
[Date "2012.03.04"]
[Round "6.6"]
[White "Schiewer, Robert"]
[Black "Kriese, Ralf"]
[Result "1-0"]
[WhiteElo "1909"]
[BlackElo "1731"]
[PlyCount "70"]
[EventDate "2011.10.02"]
[EventType "team-tourn"]
[EventRounds "9"]
[EventCountry "GER"]
[SourceTitle "EXT 2022"]
[Source "ChessBase"]
[SourceDate "2021.10.06"]
[SourceVersion "1"]
[SourceVersionDate "2021.10.06"]
[SourceQuality "1"]
[WhiteTeam "Schwerin SF"]
[BlackTeam "Greifswald II"]
[WhiteTeamCountry "GER"]
[BlackTeamCountry "GER"]

1. e4 e6 2. d4 d5 3. exd5 exd5 4. Nf3 Bd6 5. Bd3 Ne7 6. 0-0 0-0 7. Bg5 f6 8. Bh4 Bf5 9. Re1 Bxd3 10. Qxd3 Nd7 11. Nc3 c6 12. Qe3 Rf7 13. Qe6 Nf8 14. Qe2 Nf5 15. Bg3 Nxg3 16. hxg3 Re7 17. Qd3 Rxe1+ 18. Rxe1 Qd7 19. Nd1 Re8 20. Rxe8 Qxe8 21. Ne3 g6 22. c4 dxc4 23. Nxc4 Bc7 24. Qb3 Qe6 25. Qb4 b5 26. Na5 Kf7 27. a4 a6 28. Qc3 bxa4 29. Nxc6 Qd5 30. Nb4 Qd6 31. Nxa6 Bb6 32. Nc5 Ne6 33. Nxa4 Nxd4 34. Qc4+ Ke7 35. Nxb6 Qxb6 1-0

[Event "Mecklenburg VP LL2 West 1011"]
[Site "Mecklenburg VP"]
[Date "2010.11.14"]
[Round "3.4"]
[White "Schiewer, Robert"]
[Black "Stuewe, Lothar"]
[Result "1-0"]
[WhiteElo "1922"]
[BlackElo "1550"]
[PlyCount "55"]
[EventDate "2010.10.10"]
[EventType "team-tourn"]
[EventRounds "9"]
[EventCountry "GER"]
[SourceTitle "EXT 2022"]
[Source "ChessBase"]
[SourceDate "2021.10.06"]
[SourceVersion "1"]
[SourceVersionDate "2021.10.06"]
[SourceQuality "1"]
[WhiteTeam "Schwerin SF II"]
[BlackTeam "Ludwigslust Post SV II"]
[WhiteTeamCountry "GER"]
[BlackTeamCountry "GER"]

1. e4 e5 2. Nf3 d6 3. Bc4 Be7 4. 0-0 Nf6 5. Re1 0-0 6. c3 Nc6 7. b4 a6 8. a3 h6 9. Bb2 Nd7 10. d4 Nb6 11. Ba2 Bf6 12. h3 Bd7 13. Nbd2 Qe8 14. Nf1 Na7 15. Rc1 Be6 16. c4 Rd8 17. Qc2 Nbc8 18. Rcd1 Bd7 19. Bb3 Bc6 20. Ng3 Nb6 21. dxe5 dxe5 22. Rxd8 Qxd8 23. Nxe5 Bxe5 24. Bxe5 Nd7 25. Bb2 Nf6 26. Qc3 Ne8 27. Nf5 Qg5 28. h4 1-0

[Event "Mecklenburg VP LL2 West 0809"]
[Site "Mecklenburg VP"]
[Date "2009.02.01"]
[Round "6.7"]
[White "Moews, Harald"]
[Black "Schiewer, Robert"]
[Result "1-0"]
[WhiteElo "1559"]
[BlackElo "1890"]
[PlyCount "136"]
[EventDate "2008.10.05"]
[EventType "team-tourn"]
[EventRounds "9"]
[EventCountry "GER"]
[SourceTitle "EXT 2022"]
[Source "ChessBase"]
[SourceDate "2021.10.06"]
[SourceVersion "1"]
[SourceVersionDate "2021.10.06"]
[SourceQuality "1"]
[WhiteTeam "Schwerin SV Einheit"]
[BlackTeam "Schwerin SF II"]
[WhiteTeamCountry "GER"]
[BlackTeamCountry "GER"]

1. e4 c5 2. f4 Nc6 3. Nf3 g6 4. Bb5 Bg7 5. Bxc6 bxc6 6. c4 e6 7. d3 Ne7 8. 0-0 Rb8 9. Nc3 0-0 10. Qc2 Ba6 11. b3 Qc7 12. Be3 d6 13. Rad1 Rfd8 14. Ne2 Qa5 15. h3 Rbc8 16. g4 d5 17. e5 Rd7 18. Ng3 Rcd8 19. Rde1 Bc8 20. Qf2 d4 21. Bc1 Rb7 22. Ne4 Kh8 23. Nfg5 Ng8 24. Nd6 Rxd6 25. exd6 Qd8 26. Ne4 Rd7 27. g5 f5 28. gxf6 Nxf6 29. Ng5 Rb7 30. Nxe6 Qxd6 31. Nxg7 Rxg7 32. Qh2 Bf5 33. Rf3 Re7 34. Rxe7 Qxe7 35. Kf1 Qe6 36. Ba3 Nd7 37. Qg3 Kg7 38. h4 Bg4 39. Rf2 h5 40. Rd2 Qe7 41. Bc1 Nf8 42. Kg2 Kh7 43. Kf1 Ne6 44. Rh2 Qf6 45. Qf2 Qf5 46. Qg3 Nd8 47. Ke1 Nf7 48. Kd2 Nd6 49. Rh1 Qf6 50. Kc2 Nf5 51. Qe1 Qd8 52. Bd2 a5 53. a4 Qf8 54. Qe5 Qe7 55. Qxe7+ Nxe7 56. Bxa5 Nf5 57. Bd2 Kg7 58. a5 Ne7 59. Re1 Nc8 60. a6 Kf7 61. Re5 Na7 62. Rxc5 Bc8 63. Ra5 Ke6 64. b4 Kd6 65. Be1 c5 66. b5 Kc7 67. Ra1 Bf5 68. Ba5+ Kb8 1-0

[Event "Mecklenburg VP LL2 West 0809"]
[Site "Mecklenburg VP"]
[Date "2008.11.30"]
[Round "3.6"]
[White "Schiewer, Robert"]
[Black "Pross, Benjamin"]
[Result "0-1"]
[WhiteElo "1890"]
[BlackElo "1692"]
[PlyCount "72"]
[EventDate "2008.10.05"]
[EventType "team-tourn"]
[EventRounds "9"]
[EventCountry "GER"]
[SourceTitle "EXT 2022"]
[Source "ChessBase"]
[SourceDate "2021.10.06"]
[SourceVersion "1"]
[SourceVersionDate "2021.10.06"]
[SourceQuality "1"]
[WhiteTeam "Schwerin SF II"]
[BlackTeam "Kuehlungsborn SV Empor"]
[WhiteTeamCountry "GER"]
[BlackTeamCountry "GER"]

1. e4 e6 2. d4 d5 3. exd5 exd5 4. Nf3 Nf6 5. Bd3 Bd6 6. 0-0 0-0 7. Nbd2 Bg4 8. c4 c6 9. Qc2 dxc4 10. Bxc4 Nbd7 11. b3 Nb6 12. Ne5 Nxc4 13. Ndxc4 Be6 14. a4 Bb4 15. Nd3 Bf5 16. Bb2 Bc5 17. Ne3 Bxd3 18. Qxd3 Bb6 19. Nc4 Re8 20. Rfe1 Bc7 21. Rxe8+ Qxe8 22. Ne5 Qe6 23. f4 Qd5 24. b4 Re8 25. Qc2 Bb6 26. Rd1 Nd7 27. a5 Bc7 28. Qf5 Nxe5 29. fxe5 Bxe5 30. Qg4 Rd8 31. Rd2 Bf6 32. h3 Qc4 33. Kh1 Qxb4 34. Rc2 Qxa5 35. d5 Bxb2 36. Rxb2 Qa1+ 0-1

[Event "Mecklenburg VP LL 0708"]
[Site "Mecklenburg VP"]
[Date "2007.11.04"]
[Round "2.7"]
[White "Junggebauer, Thomas"]
[Black "Schiewer, Robert"]
[Result "0-1"]
[WhiteElo "1880"]
[BlackElo "1915"]
[PlyCount "120"]
[EventDate "2007.10.21"]
[EventType "team-tourn"]
[EventRounds "9"]
[EventCountry "GER"]
[SourceTitle "EXT 2016"]
[Source "ChessBase"]
[SourceDate "2015.10.08"]
[SourceVersion "1"]
[SourceVersionDate "2015.10.08"]
[SourceQuality "1"]
[WhiteTeam "Wismar ASV Gruen-Weiss"]
[BlackTeam "Schwerin SF"]
[WhiteTeamCountry "GER"]
[BlackTeamCountry "GER"]

1. e4 c5 2. Nf3 Nc6 3. d4 cxd4 4. Nxd4 Nf6 5. Nc3 e5 6. Ndb5 d6 7. Bg5 a6 8. Na3 b5 9. Nd5 Be7 10. Bxf6 Bxf6 11. c3 Bb7 12. Nc2 Ne7 13. Nce3 Bg5 14. Nxe7 Bxe7 15. Qg4 h5 16. Qf3 g6 17. Bd3 Qc7 18. 0-0 0-0 19. a4 Bc6 20. axb5 axb5 21. Qe2 Qb7 22. Nc2 f5 23. Rxa8 Rxa8 24. f3 f4 25. Nb4 Be8 26. Rd1 Kg7 27. Nd5 Bd8 28. Kf1 Qc6 29. Bc2 Bf7 30. Bb3 Qc5 31. Qd3 Ba5 32. Bc2 Bd8 33. Bb3 Be8 34. Nb4 Bb6 35. Qd2 Qg1+ 36. Ke2 Qxg2+ 37. Kd3 Qxf3+ 38. Kc2 Qxe4+ 39. Qd3 Qxd3+ 40. Rxd3 Bc5 41. Nd5 Rc8 42. Rf3 g5 43. Kd3 Bg6+ 44. Ke2 e4 45. Rf1 f3+ 46. Kd2 Re8 47. Ne3 Rf8 48. Bd5 Rf4 49. b4 Bb6 50. Bc6 Bxe3+ 51. Kxe3 Rf5 52. Rd1 g4 53. Kf2 Re5 54. Re1 Kf6 55. Re3 h4 56. Re1 Kg5 57. Ke3 g3 58. hxg3 hxg3 59. c4 f2 60. Rc1 Rf5 0-1